| 000 | 00585nam a22001817a 4500 | ||
|---|---|---|---|
| 003 | BD-DhUL | ||
| 005 | 20180418163706.0 | ||
| 008 | 180418s1928 ii ||||| |||| 00| 0 per d | ||
| 040 |
_aBD-DhUL _cBD-DhUL |
||
| 082 |
_a891.551 _bTUZ |
||
| 100 | 3 | _aطوسی۔ | |
| 245 | 0 |
_aزر کامل عیار ترجمہَ معیار الاشعار / _cطوسی۔ |
|
| 246 | _aZar Kāmel 'Aiyār Tarjamā-e Mi'yār al-Ash'ār | ||
| 260 |
_aکانپور : _bمطبع منشی نول کشور، _c۱۹۲۸۔ |
||
| 300 |
_aص۔ ۳۰۸ ؛ _c۲۶ سم۔ |
||
| 650 | 0 | _aPersian poetry. | |
| 942 |
_2ddc _cBK |
||
| 999 |
_c240545 _d240545 |
||